| 000 | 00800cab a2200241 4500 | ||
|---|---|---|---|
| 001 | WB3436-41 | ||
| 008 | 090401t1998 xxu||||| |||| 00| 0 eng d | ||
| 035 | _a(Sirsi) u88620 | ||
| 041 | _aeng | ||
| 245 | _aSinking fast | ||
| 260 | _c1998 | ||
| 350 | _a0 | ||
| 490 |
_aIndependent _v19 September 1998, 9 |
||
| 490 |
_aWestern Mail _v22 September 1998, 12(3) |
||
| 520 | _aThe recent "Landscape in Peril" report from the National Farmers` Union suggests that lowland farmers are facing severe financial hardship which may lead to abandonment of lowland grasslands or a switch to arable farming. | ||
| 650 | _aFARMING | ||
| 650 | _aLIVESTOCK FARMING | ||
| 650 | _aLOWLAND GRASSLANDS | ||
| 650 | _aNATIONAL FARMERS UNION | ||
| 690 | _aRURAL PRACTICE | ||
| 942 | _n0 | ||
| 948 | _c23/09/1998 | ||
| 999 |
_c56021 _d56021 |
||